Liedtext Quiz - Paradies von Die Toten Hosen - Statistiken

Allgemein
  • Dieses Quiz wurde 73 mal gespielt
  • Das Durchschnittsergebnis liegt bei 220 aus 305
Antwortstatistiken
Antworten % Korrekt
Ich
98%
ich
98%
der
96%
Der
96%
In
96%
in
96%
ist
96%
Paradies
96%
so
96%
nicht
93%
will
93%
dort
89%
ins
89%
Wie
89%
wie
89%
bleib'
87%
Bleib'
87%
es
87%
Weg
87%
Wenn
87%
schwierig
84%
den
82%
Den
82%
die
82%
Die
82%
dorthin
82%
Wer
82%
wer
82%
wir
82%
Wir
82%
ein
80%
Leben
80%
mit
80%
Mit
80%
uns
80%
Darf
78%
darf,
78%
doch
78%
Nur
78%
Und
78%
und
78%
zu
78%
das
76%
Dass
76%
eine
76%
hier
76%
im
76%
kann
76%
sie
76%
auf
73%
Für
73%
Himmel
73%
sein
73%
sollen
73%
Sollen
73%
Tür
73%
Dem
71%
Hölle
71%
immer
71%
Immer
71%
An
69%
ja
69%
Meinetwegen
69%
meinetwegen
69%
Tag
69%
Vielleicht
69%
was
69%
zum
69%
jede
67%
Prüfung
67%
schon
67%
schön
67%
vor
67%
Als
64%
Bleibt
64%
geschieht
64%
Rest
64%
sagen,
64%
sich
64%
stimmt
64%
besteht
62%
bin
62%
brav
62%
ganzen
62%
kommen
62%
Reihe
62%
Stelle
62%
stelle
62%
wär'
62%
aus
60%
bewähren
60%
einer
60%
Eins
60%
man
60%
nach
60%
sagt
60%
sind
60%
stehen
60%
von
60%
Wiedergeburt
60%
alle
58%
des
58%
dreckigen
58%
geht
58%
keinen
58%
keiner
58%
nem
58%
stellt
58%
Um
58%
draußen
56%
einen
56%
geputzten
56%
halten
56%
Jeden
56%
Schuhen
56%
beim
53%
besser
53%
danke
53%
Demut
53%
dieser
53%
gleich
53%
ob
53%
rennt
53%
richtig
53%
seine
53%
weiß,
53%
beginnen
51%
Beichtstuhl
51%
bis
51%
Buch
51%
Dessen
51%
Ewigkeit
51%
Gabel
51%
Gebet
51%
Lebens
51%
Messer
51%
Regeln
51%
Schicksal
51%
schlecht
51%
Tun,
51%
Vom
51%
Antrag
49%
bemühen
49%
Chancen
49%
Clown
49%
Erlösung
49%
Essen
49%
grade
49%
Hinter
49%
sehen
49%
sitzt
49%
spielen
49%
Wettlauf
49%
Zirkusshow
49%
Asyl
47%
aufpassen
47%
ersten
47%
handelt
47%
letzten
47%
Sünden
47%
trägt
47%
Verkehrspolizist
47%
winkt
47%
Aspirin
44%
befohlen
44%
diesem
44%
Freispruch
44%
nennt
44%
redlich
44%
zuhören
44%
Amen
42%
entfliehen
42%
Ibiza
42%
Tourist
42%
Knien
38%
rein
36%
nachmachen
33%
bevor
31%
fleh'
31%
Unterordnen
27%
Keine übereinstimmenden Quizze gefunden
Verteilung der Resultate
Anzahl Personen mit jedem Resultat
Perzentil nach korrekt beantworteten Fragen
Ihre Resultats-Entwicklung
Sie haben dieses Quiz noch nicht gespielt